000 01212nam0a2200313 4500
001 RU\NLR\ONL2\2305
005 20260407070222.0
010 _a5-298-01298-1
_95000
035 _a(NLR Aleph) 009649908
090 _a9571852
_c9571852
100 _a20040617d2003 |||y0rusy50 ca
101 0 _atat
102 _aRU
105 _ac |||||||||
200 1 _aСайланма эсэрлэр
_dИзбранные произведения
_eШигырьлэр, поэмалар hэм чэчмэ эсэрлэр
_fГабдулла Тукай
_g[Тоз. Ф. Бэшир]
210 _aКазан
_cТатар. кит. нэшр.
_d2003
215 _a479 б.
_cпортр.
_d21
300 _aЗагл. обл.: Габдулла Тукай.
512 1 _aГабдулла Тукай.
541 1 _aИзбранные произведения
_e[Стихи, поэмы и проза].
_zrus
686 1 _aШ6(2=Тат)5 я44
700 1 _4570
_7ca
_8rus
_aТукай
_bГ.
_f1886-1913
_gГабдулла
_9130880
_3RU\NLR\auth-onl\77825
801 0 _aRU
_bNLR
_c20040617
_gPSBO
852 _aNLR
_bОНЛ
_jТатар./3-12996
942 _cBOOK
980 _aNB
980 _aONL_RF